France ou Allemagne ? #1 - Statistiques

Statistiques générales
  • Ce quiz a été pris 70 fois
  • Le résultat moyen est 7 sur 10
Statistiques - réponses
Question Réponse % Correct
Moteur Diesel Allemagne
89%
Théorie de la relativité Allemagne
89%
Vaccin contre la rage France
89%
Montgolfière France
83%
Parachute France
72%
Rayons X Allemagne
67%
Radioactivité France
50%
Chocolat en tablette France
50%
Bicyclette Allemagne
39%
Bateau à vapeur France
39%
Aucun quiz correspondant
Distribution des résultats
% des personnes avec chaque résultat
Percentile par nombre de réponses
Votre historique - résultats
Vous n’avez pas pris ce quiz